1804 1645 1231 1018 1404 1247 1546 1326 1927 1846 1853 1529 1121 1529 1221 1571 1304 1452 1192 1162 1490 1851 1035 1668 1321 1799 1935 1949 1187 1848 1324 1433 1634 1164 1356 1423 1736 1882 1451 1734 1063 1946 1861 1054 1371 1457 1321 1325 1775 1782 1816 1977 1479 1323 1408 1702 1589 1470 1541 1498 1427 1608 1845 1703 1422 1751 1690 1789 1585 1099 1167 1464 1447 1207 1458 1900 1660 1634 1440 1124 1822 1098 1602 1681 1999 1179 1580 1923 1577 1014 1836 1922 1421 1000 1892 1723 1999 1225 1708 BCNSPRNW ULIB Ver.6.0+V

เปลี่ยนเป็นภาษาไทย

Change to English
 แสดงรายละเอียดบรรณานุกรม
  กลับหน้าหลัก

Brief Record : Get Marc (ISO 2709) : E-mail record : QR code < ปิดหน้าต่าง
LEADER : 00000nam 2200000uu 4500
001    13399121157
003     ULIB
008    121107s2547||||th 000 0 tha d
020    ^a9749216350
040    ^avu
050  4 ^aLB^bก111ก
245 00 ^aภาษีอากรตามประมวลรัษฎากร 2547 /^cรวบรวมและเรียบเรียงโดย กลุ่มนักวิชาการภาษีอากร.
250    ^aพิมพ์ใหม่ แก้ไขปรับปรุง.
260    ^a[กรุงเทพฯ] :^bโรงพิมพ์เรือนแก้วการพิมพ์,^c2547.
300    ^a10, 320 หน้า :^bภาพประกอบ.
650  7 ^aอากร.
650  7 ^aภาษี
710 2  ^aกลุ่มนักวิชาการภาษีอากร.
852    ^aบริหารธุรกิจ
945    ^p0^l0^i13988
999    ^aวิภา
รายการนี้ยังไม่มีแท็ก
คุณยังไม่ได้ล็อกอิน คุณสามารถมีกิจกรรมร่วมกับเว็บไซต์ได้ แต่ต้องล็อกอินก่อน ::
  ล็อกอิน

รายการสื่อสารสนเทศ

ลำดับที่ ประเภท เลขเรียก/บาร์โค้ด สถานที่ สถานะ
1. วิทยาศาสตร์การแพทย์ และสุขภาพ
วิทยาศาสตร์การแพทย์ และสุขภาพ
LB ก111ก  
  Barcode: 13988
ห้องสมุดวิทยาเขตสวรรค์ประชารักษ์
►หนังสือทั่วไป
บนชั้น

รายการใกล้เคียง
    หัวเรื่อง [ภาษี]

BibComment


ยังไม่เคยถูกคอมเมนท์

คอมเมนท์ทรัพยากรรายการนี้
  คอมเมนท์: ภาษีอากรตามประมว..


 Copyright 2026. Bcnsprnw @Library